Länder mit der größten Kokosnussproduktion - Statistiken

Allgemein
  • Dieses Quiz wurde 68 mal gespielt
  • Das Durchschnittsergebnis liegt bei 8 aus 10
Antwortstatistiken
Platz Land Menge in t % Korrekt
1. Indonesien 17,13 Mio.
90%
2. Philippinen 14,77 Mio.
89%
3. Indien 14,68 Mio.
87%
5. Brasilien 2,33 Mio.
84%
9. Thailand 0,81 Mio.
77%
10. Malaysia 0,54 Mio.
74%
7. Mexiko 1,29 Mio.
74%
6. Vietnam 1,68 Mio.
71%
4. Sri Lanka 2,47 Mio.
58%
8. Papua-Neuguinea 1,19 Mio.
45%
Keine übereinstimmenden Quizze gefunden
Verteilung der Resultate
Anzahl Personen mit jedem Resultat
Perzentil nach korrekt beantworteten Fragen
Ihre Resultats-Entwicklung
Sie haben dieses Quiz noch nicht gespielt